Intersection of Cognitive-Behavioral Programming and Desistance Theories

Saved in:  
Bibliographic Details
Main Author: Rose, Kristin (Author)
Format: Print Book
Language:English
Published: [Erscheinungsort nicht ermittelbar] Northeastern University 2019
In:Year: 2019
Check availability: HBZ Gateway
Subito Delivery Service: Order now.

MARC

LEADER 00000cam a22000002c 4500
001 1912595826
003 DE-627
005 20250113054959.0
007 tu
008 241217s2019 xx ||||| 00| ||eng c
035 |a (DE-627)1912595826 
035 |a (DE-599)KXP1912595826 
040 |a DE-627  |b ger  |c DE-627  |e rda 
041 |a eng 
084 |a 2,1  |2 ssgn 
100 1 |a Rose, Kristin  |e VerfasserIn  |4 aut 
245 1 0 |a Intersection of Cognitive-Behavioral Programming and Desistance Theories 
264 1 |a [Erscheinungsort nicht ermittelbar]  |b Northeastern University  |c 2019 
336 |a Text  |b txt  |2 rdacontent 
337 |a ohne Hilfsmittel zu benutzen  |b n  |2 rdamedia 
338 |a Band  |b nc  |2 rdacarrier 
787 0 8 |i Forschungsdaten  |a Lattimore, Pamela K.  |t Serious and Violent Offender Reentry Initiative (SVORI) Multi-site Impact Evaluation, 2004-2011 (United States)  |d [Erscheinungsort nicht ermittelbar] : [Verlag nicht ermittelbar], 2011  |w (DE-627)1840043393 
935 |a mkri 
951 |a BO 
ELC |b 1 
LOK |0 000 xxxxxcx a22 zn 4500 
LOK |0 001 4637561345 
LOK |0 003 DE-627 
LOK |0 004 1912595826 
LOK |0 005 20241217044620 
LOK |0 008 241217||||||||||||||||ger||||||| 
LOK |0 035   |a (DE-2619)ICPSR129365 
LOK |0 040   |a DE-2619  |c DE-627  |d DE-2619 
LOK |0 092   |o n 
LOK |0 852   |a DE-2619 
LOK |0 852 1  |9 00 
LOK |0 935   |a nacp 
LOK |0 939   |a 17-12-24  |b l01 
ORI |a SA-MARC-krimdoka001.raw